[Event "III Open"]
[Site "Palma de Mallorca ESP"]
[Date "2008.12.11"]
[Round "6"]
[White "Khantuev,A"]
[Black "Andersen,Mad"]
[Result "1-0"]
[WhiteElo "2349"]
[BlackElo "2156"]

1.e4 c5 2.c3 Nf6 3.e5 Nd5 4.Nf3 e6 5.Bc4 d6 6.d4 cxd4 7.cxd4 Nb6 8.Bd3 dxe5
9.dxe5 N8d7 10.Qe2 Nc5 11.Bc2 Bd7 12.O-O Be7 13.Nc3 Rc8 14.Rd1 Qc7 15.Bg5 Bxg5
16.Nxg5 h6 17.Qh5 O-O 18.Nh7 Rfd8 19.Rd4 Ba4 20.Rg4 Kh8 21.Bxa4 Ncxa4 22.Ng5 Rd7
23.h3 Nxc3 24.bxc3 Qxc3 25.Rb1 f5 26.Rg3 Qxe5 27.Nf7+ Rxf7 28.Qxf7 Rc7 29.Qe8+ Kh7
30.Qg6+ Kh8 31.Re3 Qf6 32.Qe8+ Kh7 33.Rxe6 Qf7 34.Rbe1 Qxe8 35.Rxe8 Nc8 36.R8e5 g6
37.h4 h5 38.Kh2 Kg7 39.Kg3 Rc4 40.f3 Kf7 41.R1e2 a6 42.Re8 b6 43.Rd8 Kf6
44.Rd7 b5 45.Re8 Rc6 46.Rdd8 Ne7 47.Ra8 Nd5 48.Rec8 Re6 49.Ra7 f4+ 50.Kh2 Nb4
51.Rca8 Nxa2 52.Rxa6 Nc3 53.Rf8+ Ke5 54.Rxe6+ Kxe6 55.Rxf4 Nd5 56.Rf8 b4
57.Rb8 Ke5 58.g4 Kd4 59.Kg3 Kc3 60.f4 Ne3 61.f5 gxf5 62.gxh5 Ng4 63.Kf4 Nh6
64.Rb6 Ng8 65.h6  1-0

[Event "III Open"]
[Site "Palma de Mallorca ESP"]
[Date "2008.12.11"]
[Round "6"]
[White "Ibanez Aullana,J"]
[Black "Alonso Rosell,A"]
[Result "0-1"]
[WhiteElo "2308"]
[BlackElo "2416"]

1.e4 c5 2.c3 Nf6 3.e5 Nd5 4.Nf3 Nc6 5.d4 cxd4 6.cxd4 d6 7.Bc4 Nb6 8.Bb5 d5
9.O-O Bf5 10.a4 a6 11.Bxc6+ bxc6 12.a5 Nd7 13.Qa4 Qc8 14.Bf4 Qb7 15.Rc1 Rc8
16.Ra3 e6 17.Rac3 Nb8 18.Rb3 Qd7 19.Nbd2 Be7 20.Rbc3 O-O 21.Nb3 Qb7 22.h3 Rc7
23.Bd2 Rfc8 24.Nc5 Bxc5 25.Rb3 Qa7 26.dxc5 Nd7 27.Qd4 Rb7 28.Rb6 Qb8 29.Bf4 Qc7
30.Rc3 Ra7 31.Qa4 Nb8 32.Nd4 Bg6 33.Rcb3 Ra8 34.Qb4 Qd8 35.Qa4 Nd7 36.Rc3 Nxb6
37.cxb6 c5 38.Nc6 Qd7 39.Rxc5 Bd3 40.Qa3 Rxc6 41.Rxc6 Qxc6 42.Qxd3 Qa4 43.Bd2 Qa1+
44.Kh2 Qxb2 45.f4 h6 46.Bc3 Qb3 47.Qe3 Rc8 48.Bd2 Qxe3 49.Bxe3 Kf8 50.Bd2 Ke8
51.Kg3 Kd7 52.Kf3 Rc4 53.Ke3 Kc6 54.Kd3 Ra4 55.Ke3 Ra3+ 56.Ke2 d4 57.Bb4 Ra2+
58.Kf3 g6 59.Bf8 h5 60.g4 Rxa5 61.gxh5 gxh5 62.Be7 Rd5  0-1

[Event "TCh-SLO"]
[Site "Murska Sobota SLO"]
[Date "2008.12.12"]
[Round "7"]
[White "Lazar,Ales ML"]
[Black "Podkriznik,G"]
[Result "1/2-1/2"]
[WhiteElo "2289"]
[BlackElo "2372"]

1.e4 c5 2.c3 Nf6 3.e5 Nd5 4.Nf3 e6 5.d4 cxd4 6.cxd4 d6 7.Nc3 Nxc3 8.bxc3 Nd7
9.exd6 Bxd6 10.Bd3 O-O 11.O-O Qc7 12.Bd2  1/2-1/2

[Event "TCh-SLO"]
[Site "Murska Sobota SLO"]
[Date "2008.12.13"]
[Round "8"]
[White "Grosar,A"]
[Black "Mitrovic,B"]
[Result "1-0"]
[WhiteElo "2417"]
[BlackElo "2146"]

1.e4 c5 2.c3 Nf6 3.e5 Nd5 4.Nf3 e6 5.Bc4 Nb6 6.Bb3 c4 7.Bc2 d6 8.exd6 Qxd6
9.b3 Qc7 10.Qe2 N8d7 11.Na3 cxb3 12.axb3 a6 13.O-O Nf6 14.Nc4 Nxc4 15.bxc4 Be7
16.d4 O-O 17.Bg5 h6 18.Bh4 Nh5 19.Bxe7 Qxe7 20.c5 Nf6 21.Rab1 Rd8 22.Ne5 Qc7
23.Rb3 Bd7 24.Rfb1 Bb5 25.Qf3 b6 26.c4 bxc5 27.cxb5 axb5 28.Rxb5 cxd4 29.Bd3 Rab8
30.Qc6 Qa7 31.Rb7 Rxb7 32.Qxb7 Qxb7 33.Rxb7 Rf8 34.g3 Nd5 35.Nc6 g6 36.Nxd4 h5
37.h4 Nf6 38.Nc6 Ng4 39.Be2 Nh6 40.Bc4 Re8 41.Ne5 Kg7 42.Kg2 Kf6 43.Nf3 Rc8
44.Bb3 Rd8 45.Ng5 Rd4 46.Rc7 Rb4 47.Bc4 Rb2 48.Ba6 Rb8 49.Bc8 Ke5 50.Ba6 Kf6
51.Bc4 Rb6 52.f4 Rb2+ 53.Kf3 Rb6 54.Ke4 Rb4 55.Ke3 Nf5+ 56.Kf3 Nd6 57.Bxe6  1-0

[Event "TCh-NED 2008-9"]
[Site "Netherlands NED"]
[Date "2008.12.13"]
[Round "4"]
[White "Fiebig,T"]
[Black "Van Oosterom,C"]
[Result "1/2-1/2"]
[WhiteElo "2405"]
[BlackElo "2420"]

1.e4 c5 2.c3 Nf6 3.e5 Nd5 4.d4 cxd4 5.Nf3 e6 6.cxd4 d6 7.Bc4 Nb6 8.Bd3 dxe5
9.dxe5 Na6 10.O-O Nc5 11.Bc2 Qxd1 12.Rxd1 Bd7 13.Nc3 Rc8 14.a4 a5 15.Nd4 Be7
16.Ndb5 O-O 17.Be3 Bxb5 18.Nxb5 Nd5 19.Bxc5 Rxc5 20.Be4 Nb4 21.Rd7 Rxe5 22.Rxe7 Rxe4
23.Nd6 Rd4 24.Nxb7 Nc2 25.Rc1 Rxa4 26.g3 Nb4 27.Rd7 Nd5 28.Rc5 Rb4 29.Rxa5 Rxb2
30.Ra7 Nb6 31.Rc7 Nd5 32.Rd7 Nf6 33.Rc7 Rd2 34.Nc5 Rd5 35.Kg2 h6 36.Na4 Ne4
37.Nc3 Nxc3 38.Rxc3 Rf5 39.h4 Rd8 40.Rf3 Rdd5 41.Rb7 g6 42.Rxf5 Rxf5 43.Kf1 Kg7
44.Ke2 Kf6 45.Ke3 Ra5 46.Rb3 Ke5 47.Kf3 Kf5 48.Rc3 Ra4 49.Rc7 Ra3+ 50.Kg2 Kf6
51.Rb7 e5 52.Rb6+ Kf5 53.Rb7 f6 54.Rh7 h5 55.Rb7 Ra6 56.Rb5 Ke4 57.Rb4+ Kd3
58.Rb3+ Kc4 59.Rb8 Kd4 60.Rb4+ Kc3 61.Rb8 e4 62.Rd8 f5 63.Kf1 f4 64.gxf4 Rf6
65.Ke2 Rxf4 66.Rd6 Rxh4 67.Rxg6 Kd4 68.Rg8 Rf4 69.Rg5 h4 70.Rh5 Rg4 71.f3 Rg2+
72.Kf1 exf3 73.Rxh4+ Ke3 74.Rh8 Rb2  1/2-1/2

[Event "XXI Carlos Torre"]
[Site "Merida MEX"]
[Date "2008.12.14"]
[Round "2"]
[White "Ancheyta Tejas,V"]
[Black "Vera Gonzalez Quevedo,R"]
[Result "0-1"]
[WhiteElo "2272"]
[BlackElo "2497"]

1.e4 c5 2.c3 Nf6 3.e5 Nd5 4.d4 cxd4 5.cxd4 d6 6.exd6 Qxd6 7.Nc3 Nc6 8.Be2 e6
9.Nf3 Be7 10.O-O O-O 11.Ne4 Qc7 12.Bg5 Bxg5 13.Nexg5 h6 14.Ne4 Rd8 15.Bb5 Bd7
16.Bxc6 Bxc6 17.Ne5 Nf4 18.Re1 Bxe4 19.Rxe4 Nd5 20.Rc1 Qe7 21.Re2 Rac8 22.Rec2 Rxc2
23.Qxc2 Qb4 24.Nf3 Ne7 25.Qc5 Qxb2 26.Rc2 Qb6 27.Qxb6 axb6 28.Rc7 Rc8 29.Rxc8+ Nxc8
30.Kf1 b5 31.Ke2 Nb6 32.Kd2 Kf8 33.Kc3 Nd5+ 34.Kb3 g5 35.Ne5 Ke7 36.g3 f6
37.Ng4 h5 38.Ne3 Nxe3 39.fxe3 f5 40.Kb4 Kd6 41.Kxb5 Kd5 42.a4 Ke4 43.Kb6 Kxe3
44.Kxb7 f4  0-1

[Event "III Open"]
[Site "Palma de Mallorca ESP"]
[Date "2008.12.14"]
[Round "9"]
[White "Ibanez Aullana,J"]
[Black "Belezky,A"]
[Result "1/2-1/2"]
[WhiteElo "2308"]
[BlackElo "2466"]

1.e4 c5 2.c3 Nf6 3.e5 Nd5 4.d4 cxd4 5.Nf3 e6 6.cxd4 d6 7.a3 Nd7 8.Bd3 Be7
9.O-O dxe5 10.dxe5 Nc5  1/2-1/2

[Event "XXI Carlos Torre"]
[Site "Merida MEX"]
[Date "2008.12.16"]
[Round "6"]
[White "Perez Rodriguez,Je"]
[Black "Cabrera Trujillo,J"]
[Result "0-1"]
[WhiteElo "2192"]
[BlackElo "2438"]

1.e4 c5 2.c3 Nf6 3.e5 Nd5 4.d4 cxd4 5.Nf3 Nc6 6.cxd4 d6 7.Bc4 e6 8.O-O Be7
9.Qe2 O-O 10.Bd2 Qb6 11.exd6 Bxd6 12.Nc3 Nxd4 13.Nxd4 Qxd4 14.Bxd5 exd5 15.Nb5 Qe5
16.Qxe5 Bxe5 17.Rfe1 f6 18.f4 Bb8 19.Rac1 Bf5 20.Re7 a6 21.Nd4 Bg6 22.Rxb7 Ra7
23.Rb6 Ra8 24.Rb7 Ra7 25.Rb3 Rd7 26.Be3 Ba7 27.Rbc3 Re7 28.Rc7 Rfe8 29.Rxe7 Rxe7
30.Kf2 h5 31.Rc8+ Kh7 32.Rd8 Be4 33.g3 Rb7 34.b3 Rc7 35.Ne2 Bxe3+ 36.Kxe3 Rc2
37.a4 Rb2 38.Rb8 Bf5 39.Rb6 Bg4 40.Nd4 Rxh2 41.Rxa6 Rg2 42.Rd6 Rxg3+ 43.Kf2 Rd3
44.Rxd5 h4 45.Rd6 h3 46.Nb5 h2  0-1

[Event "75th ch-BRA"]
[Site "Porto Alegre BRA"]
[Date "2008.12.16"]
[Round "11"]
[White "Gattas,A"]
[Black "Oliveira,Si"]
[Result "0-1"]
[WhiteElo "2223"]
[BlackElo "2345"]

1.e4 c5 2.c3 Nf6 3.e5 Nd5 4.d4 cxd4 5.Nf3 Nc6 6.cxd4 d6 7.exd6 e6 8.Nc3 Nxc3
9.bxc3 Bxd6 10.Bd3 O-O 11.Qe2 e5 12.Ng5 g6 13.Nxh7 e4 14.Bxe4 Kxh7 15.Qh5+ Kg8
16.Bxg6 Qe8+  0-1

[Event "CCF Christmas Int"]
[Site "Coulsdon ENG"]
[Date "2008.12.17"]
[Round "5"]
[White "Zhou,Y"]
[Black "Snape,I"]
[Result "1-0"]
[WhiteElo "2276"]
[BlackElo "2219"]

1.e4 c5 2.c3 Nf6 3.e5 Nd5 4.Nf3 Nc6 5.d4 cxd4 6.cxd4 d6 7.Bc4 e6 8.O-O Be7
9.Re1 O-O 10.a3 Bd7 11.Bd3 dxe5 12.dxe5 Rc8 13.Be4 Na5 14.Bxd5 exd5 15.Qxd5 Rc5
16.Qd1 Rxc1 17.Qxc1 Nb3 18.Qd1 Nxa1 19.Nbd2 Bf5 20.Qxa1 Qd5 21.Qd1 Rd8 22.Qa4 a6
23.Qf4 Bg6 24.h3 h6 25.Qg4 Kh7 26.h4 Qd3 27.Rc1 Bf5 28.Qf4 Be6 29.Rc7 Rd7
30.Rc3 Qf5 31.Qxf5+ Bxf5 32.g3 Rd3 33.Rc7 Rd7 34.Rc4 Be6 35.Rc3 Bf5 36.Kf1 Rd3
37.Rc1 g5 38.hxg5 hxg5 39.Ke2 Rd7 40.Nb3 Bd3+ 41.Ke3 Bg6 42.Nfd4 Bd8 43.f4 Bb6
44.Nc5 Rd5 45.b4 Kg8 46.Rc4 Bxc5 47.Rxc5 gxf4+ 48.gxf4 Rxc5 49.bxc5 Bb1 50.Ne2 Kf8
51.Kd4 Ke7 52.Nc3 Bf5 53.Ne4 Bh3 54.Nd6 Bg2 55.f5 Bf3 56.Ne4 Bg2 57.f6+ Kf8
58.Nd6 Bc6 59.Kc3 Kg8 60.Kb4 Bd5 61.Ka5 Kh7 62.Kb6 Kg6 63.a4 Kg5 64.Nxb7 Kf5
65.c6 Kxe5 66.Nc5 Bg2 67.c7 Bh3 68.Kc6 Bg2+ 69.Kd7 Kxf6 70.Kd6  1-0

[Event "46th ch-IND National A"]
[Site "Mangalore IND"]
[Date "2008.12.17"]
[Round "1"]
[White "Akshayraj,K"]
[Black "Deepan,C"]
[Result "0-1"]
[WhiteElo "2400"]
[BlackElo "2464"]

1.e4 c5 2.c3 Nf6 3.e5 Nd5 4.Nf3 d6 5.Bc4 Nb6 6.e6 fxe6 7.Bb3 c4 8.Bc2 N8d7
9.d4 cxd3 10.Qxd3 Nf6 11.Ng5 g6 12.Qh3 Bg7 13.Nxe6 Bxe6 14.Qxe6 Qd7 15.Qe2 O-O
16.Bg5 e5 17.Nd2 d5 18.O-O Kh8 19.c4 Rac8 20.Bb3 d4 21.Bxf6 Bxf6 22.Qd3 Qc7
23.Ne4 Nxc4 24.Rac1 b5 25.Rc2 Bg7 26.Nd2 Qe7 27.Bxc4 bxc4 28.Rxc4 e4 29.Qh3 Rxc4
30.Nxc4 e3 31.b3 exf2+ 32.Kh1 Qe2  0-1

[Event "CCF Christmas Int"]
[Site "Coulsdon ENG"]
[Date "2008.12.18"]
[Round "7"]
[White "Berzinsh,R"]
[Black "Snape,I"]
[Result "1-0"]
[WhiteElo "2420"]
[BlackElo "2219"]

1.e4 c5 2.c3 Nf6 3.e5 Nd5 4.d4 cxd4 5.Nf3 g6 6.h4 d6 7.Qxd4 dxe5 8.Bb5+ Nc6
9.Nxe5 Qd6 10.Nxc6 bxc6 11.Qxh8 cxb5 12.Bh6 Qe6+ 13.Kf1 Bb7 14.Bxf8 Nf6 15.Nd2 O-O-O
16.Rh3 Qd5 17.Nf3 Qd3+ 18.Kg1 Qc2 19.Rf1 Bd5 20.Qg7 Bc4 21.Bxe7 Rd1 22.Qxf6 Rxf1+
23.Kh2 Rxf2 24.Qc6+  1-0

[Event "5th IRT"]
[Site "Merlo ARG"]
[Date "2008.12.20"]
[Round "2"]
[White "Koch,Ju"]
[Black "Tomeo,I"]
[Result "1-0"]
[WhiteElo "2037"]
[BlackElo "2095"]

1.e4 c5 2.c3 Nf6 3.e5 Nd5 4.Nf3 e6 5.Bc4 Nc7 6.O-O d5 7.exd6 Bxd6 8.d4 Nd7
9.Be3 b5 10.dxc5 Nxc5 11.Be2 Bb7 12.Qd4 e5 13.Qd1 Qe7 14.a4 O-O 15.axb5 f5
16.b4 Ne4 17.Rxa7 Rxa7 18.Bxa7 Rf6 19.Re1 Rg6 20.Bf1 Nxb5 21.Bxb5 Rxg2+ 22.Kxg2 Ng5
23.Bc4+ Kh8 24.Bd5 Nxf3 25.Qxf3 Bc8 26.Bc5 e4 27.Qf4 Bxf4 28.Bxe7  1-0

[Event "8th Amplico AIG Life Rapid"]
[Site "Warsaw POL"]
[Date "2008.12.20"]
[Round "3"]
[White "Erenska Barlo,H"]
[Black "Jankovic,A"]
[Result "0-1"]
[WhiteElo "2271"]
[BlackElo "2548"]

1.e4 c5 2.c3 Nf6 3.e5 Nd5 4.d4 cxd4 5.cxd4 d6 6.Nf3 Nc6 7.Bc4 e6 8.O-O Be7
9.Nc3 Nxc3 10.bxc3 dxe5 11.dxe5 Qxd1 12.Rxd1 Bd7 13.Be3 Rc8 14.Rab1 Na5 15.Bb5 Bxb5
16.Rxb5 b6 17.Bd4 O-O 18.Kf1 Rfd8 19.Ke2 Rc4 20.Rd3 Ra4 21.Rb2 Nc4 22.Rc2 Ra5
23.g3 Kf8 24.Rd1 Ke8 25.Re1 Rdd5 26.Kf1 Kd7 27.h4 h6 28.Re4 Rdb5 29.Ree2 Rb1+
30.Kg2 Rd1 31.Ne1 Kc6 32.f4 h5 33.Nf3 Rb5 34.Bf2 Rbb1 35.Nd4+ Kd5 36.Kf3 Bc5
37.Kg2 g6 38.Kf3 Bxd4 39.cxd4 b5 40.g4 Rd3+ 41.Kg2 hxg4 42.Kh2 g3+ 43.Bxg3 Ne3  0-1

[Event "8th Amplico AIG Life Rapid"]
[Site "Warsaw POL"]
[Date "2008.12.20"]
[Round "7"]
[White "Kukawski,M"]
[Black "Jankovic,A"]
[Result "0-1"]
[WhiteElo "2327"]
[BlackElo "2548"]

1.e4 c5 2.c3 Nf6 3.e5 Nd5 4.d4 cxd4 5.Nf3 Nc6 6.Bc4 e6 7.cxd4 d6 8.Qe2 Be7
9.O-O O-O 10.Nc3 Nxc3 11.bxc3 dxe5 12.dxe5 Qa5 13.Bd3 Rd8 14.Qe4 g6 15.Bh6 Qxc3
16.Rfd1 Bd7 17.Rac1 Qa5 18.Qf4 Be8 19.Bg5 Bxg5 20.Qxg5 Rd5 21.Be4 Rxd1+ 22.Rxd1 Rd8
23.Rf1 Qc7 24.Qh6 Nd4 25.Ng5 Qxe5 26.Qxh7+ Kf8 27.Qh6+ Ke7 28.Bxb7 Bb5 29.Rb1 Ne2+
30.Kh1 Qb2 31.Re1 Qd2 32.Rf1 Qd1  0-1

[Event "8th Amplico AIG Life Rapid"]
[Site "Warsaw POL"]
[Date "2008.12.20"]
[Round "8"]
[White "Struk,J"]
[Black "Luch,M"]
[Result "1/2-1/2"]
[WhiteElo "2215"]
[BlackElo "2411"]

1.e4 c5 2.c3 Nf6 3.e5 Nd5 4.Nf3 Nc6 5.d4 cxd4 6.Bc4 e6 7.O-O d6 8.cxd4 Be7
9.Nc3 O-O 10.Nxd5 exd5 11.Bxd5 Bg4 12.Bxc6 bxc6 13.h3 Bh5 14.Bf4 dxe5 15.dxe5 Qb6
16.Qd4 Bc5 17.Qc3 Rad8 18.Rac1 Rd5 19.Be3 Bxe3 20.fxe3 Rfd8 21.Qxc6 Qxe3+
22.Kh1 h6 23.Qc3 Rd3 24.Qe1 Qb6 25.Qf2 Qb7 26.Qh4 Bxf3 27.Rxf3 Rd1+ 28.Rf1 R1d2
29.Rf2 R8d4 30.Qg3 R4d3 31.Rf3 Rxf3 32.Qxf3 Qxf3 33.gxf3 Rxb2 34.Rc8+ Kh7
35.Rc7 Kg6 36.Rxa7 Rd2 37.Re7 Rxa2 38.e6 fxe6 39.Rxe6+ Kf5 40.Rb6 g6 41.Rb4 Ke5
42.Kg1 Rd2 43.Ra4 g5 44.Rc4 h5 45.h4 Kf5 46.Rc5+ Kf4 47.Rxg5 Kxf3 48.Rxh5  1/2-1/2

[Event "TCh-HUN 2008-9"]
[Site "Budapest HUN"]
[Date "2008.12.21"]
[Round "4"]
[White "Schneider,Ve"]
[Black "Hardicsay,P"]
[Result "1/2-1/2"]
[WhiteElo "2315"]
[BlackElo "2284"]

1.e4 c5 2.c3 Nf6 3.e5 Nd5 4.Nf3 Nc6 5.d4 cxd4 6.cxd4 d6 7.Bc4 Nb6 8.Bb5 dxe5
9.Nxe5 Bd7 10.Nxd7 Qxd7 11.O-O e6 12.Nc3 Be7 13.Qg4 O-O 14.Bxc6 bxc6 15.Bh6 Bf6
16.Rad1 Kh8 17.Ne4 Qd8 18.Bg5 Bxg5 19.Qxg5 h6 20.Qc5 Qd5 21.Nc3 Qd7 22.Rd3 Nd5
23.Rc1 Rfd8 24.Ne2 Rab8 25.b3 Rb6 26.Rf3 Kg8 27.g3 Ne7 28.h4 Nf5 29.Rf4 Ne7
30.Nc3 Nf5 31.Kh2 Qd6 32.Ne2  1/2-1/2

[Event "8th Amplico AIG Life Rapid"]
[Site "Warsaw POL"]
[Date "2008.12.21"]
[Round "12"]
[White "Vlassov,N"]
[Black "Sharevich,A"]
[Result "1-0"]
[WhiteElo "2471"]
[BlackElo "2322"]

1.e4 c5 2.c3 Nf6 3.e5 Nd5 4.d4 cxd4 5.cxd4 e6 6.Nc3 d6 7.Nf3 Nc6 8.Bb5 Be7
9.O-O O-O 10.Qe2 Nxc3 11.bxc3 dxe5 12.dxe5 Qa5 13.Bd2 a6 14.Bd3 Rd8 15.Rfe1 Bd7
16.h4 Be8 17.h5 Qd5 18.Be4 Qa5 19.a4 g6 20.hxg6 hxg6 21.Bc2 Qc7 22.Rab1 Rab8
23.g3 Na5 24.Nd4 Nc4 25.Bf4 Na3 26.Bxg6 fxg6 27.Nxe6 Qc8 28.Nxd8 Nxb1 29.Qa2+ Kh7
30.Kg2 Bc6+ 31.Nxc6 Qxc6+ 32.f3 Kg7 33.Qxb1 g5 34.Be3 Rf8 35.Qe4 Qxe4 36.fxe4 Rc8
37.Bd4 Kg6 38.Rb1 Rc7 39.Kf3 Bc5 40.Kg4 Bxd4 41.cxd4 Rc4 42.Rb6+ Kf7 43.Rxb7+ Ke8
44.d5 Rxe4+ 45.Kf5 Re1 46.Ke6 Kd8 47.d6 Kc8 48.Rg7  1-0

[Event "10th Mirko Srajber Mem"]
[Site "Subotica SRB"]
[Date "2008.12.24"]
[Round "8"]
[White "Sedlak,N"]
[Black "Bogosavljevic,B"]
[Result "1/2-1/2"]
[WhiteElo "2553"]
[BlackElo "2541"]

1.e4 c5 2.c3 Nf6 3.e5 Nd5 4.d4 cxd4 5.Nf3 Nc6 6.Bc4 e6 7.cxd4 d6 8.O-O Be7
9.Qe2 O-O 10.Nc3 Nxc3  1/2-1/2

[Event "35th Eastern Open"]
[Site "Washington DC USA"]
[Date "2008.12.27"]
[Round "2"]
[White "Shibut,M"]
[Black "Robson,R"]
[Result "1-0"]
[WhiteElo "2264"]
[BlackElo "2466"]

1.e4 c5 2.c3 Nf6 3.e5 Nd5 4.d4 cxd4 5.Nf3 Nc6 6.Bc4 Nb6 7.Bb3 d5 8.exd6 Qxd6
9.O-O Be6 10.Bxe6 Qxe6 11.Nxd4 Nxd4 12.Qxd4 Rd8 13.Qe3 Qxe3 14.Bxe3 Nc4 15.Bxa7 Nxb2
16.Na3 e6 17.Nb5 Be7 18.Rfb1 Nc4 19.Nd4 Rd7 20.a4 O-O 21.a5 Ra8 22.Bb6 g6
23.h3 e5 24.Nb3 Nxb6 25.axb6 Rxa1 26.Rxa1 Rd6 27.Ra8+ Kg7 28.Ra7 Rxb6 29.Na5 Rb1+
30.Kh2 Bc5 31.Rxb7 Rxb7 32.Nxb7 Bxf2 33.g4 Kf6 34.Nd6 Ke6 35.Ne4 Be3 36.Kg2 f5
37.gxf5+ gxf5 38.Kf3 Bc1 39.Ng3 Bd2 40.c4 Bb4 41.Nf1 e4+ 42.Kf4 Kf6 43.Ke3 Ke5
44.Ke2 f4 45.Nh2 h5 46.Kf2 Bc5+ 47.Ke2 Bb6  1-0

[Event "Open"]
[Site "Pamplona ESP"]
[Date "2008.12.28"]
[Round "8"]
[White "Cemborain Oricain,A"]
[Black "Montoya Irigoyen,I"]
[Result "0-1"]
[WhiteElo "2029"]
[BlackElo "2065"]

1.e4 c5 2.c3 Nf6 3.e5 Nd5 4.d4 cxd4 5.Nf3 e6 6.cxd4 d6 7.Bc4 Nb6 8.Bd3 dxe5
9.Nxe5 Nc6 10.Bb5 Bd7 11.Nxd7 Qxd7 12.O-O Be7 13.Nc3 O-O 14.Be3 Rfd8 15.Qg4 a6
16.Bxc6 Qxc6 17.Rac1 Rac8 18.Rfd1 Nd5 19.h3 Nxc3 20.Rxc3 Qd5 21.Bh6 g6 22.Rxc8 Rxc8
23.Qe2 Bf6 24.b3 Bxd4 25.Be3 e5 26.Qg4 Rd8 27.Bxd4 exd4 28.Rd3 Qe5 29.Qd1 Rd5
30.Qd2 Kg7 31.f4 Qe4 32.g3 h5 33.Kh2 b5 34.g4 hxg4 35.hxg4 b4 36.Kg3 a5 37.Qd1 Rc5
38.Rxd4 Rc3+ 39.Kh4 Qe7+ 40.g5 Qe3  0-1

[Event "Open A"]
[Site "Gjovik NOR"]
[Date "2008.12.29"]
[Round "1"]
[White "Abasov,N"]
[Black "Haugstad,E"]
[Result "1-0"]
[WhiteElo "2363"]
[BlackElo "2091"]

1.e4 c5 2.c3 Nf6 3.e5 Nd5 4.d4 cxd4 5.Nf3 Nc6 6.Bc4 Nb6 7.Bb3 d5 8.exd6 e6
9.Nxd4 Nxd4 10.Qxd4 Qxd6 11.Be3 Qc7 12.O-O e5 13.Qe4 Bd6 14.Nd2 O-O 15.Bxb6 Qxb6
16.Nc4 Qc5 17.Nxd6 Qxd6 18.Rad1 Qc7 19.Rfe1 Re8 20.Rd5 Bd7 21.Rxe5 Rxe5 22.Qxe5 Qxe5
23.Rxe5 Kf8 24.Bd5 Rd8 25.h4 f6 26.Re3 Bf5 27.Bxb7 Rb8 28.Bc6 Rxb2 29.Re8+ Kf7
30.Ra8 Be6 31.Rxa7+ Kg6 32.a4 Rb1+ 33.Kh2 Rc1 34.Rc7 Bb3 35.Bb5 Ra1 36.c4 Bxa4
37.Ra7 Bxb5 38.Rxa1 Bxc4 39.Ra7 Be2 40.Kg3 h5 41.Kf4 Bd3 42.Ke3 Bb5 43.g3 Bc4
44.Kd4 Bf1 45.f4 Bh3 46.Kd5 Bg2+ 47.Kd6 Be4 48.Ra5 Bd3 49.Ke7 Kh6 50.Kf8 Bc4
51.Rc5 Ba2 52.Rc7 g6 53.Ke7 Kg7 54.Rc8 f5 55.Kd6 Kf6 56.Kc5 Bb3 57.Rc6+ Be6
58.Kd4  1-0

[Event "Open A"]
[Site "Groningen NED"]
[Date "2008.12.29"]
[Round "8"]
[White "Khantuev,A"]
[Black "Brandenburg,D"]
[Result "0-1"]
[WhiteElo "2349"]
[BlackElo "2436"]

1.e4 c5 2.c3 Nf6 3.e5 Nd5 4.Nf3 e6 5.Bc4 d6 6.d4 cxd4 7.cxd4 Nc6 8.O-O Be7
9.a3 O-O 10.Bd3 Bd7 11.Re1 Rc8 12.exd6 Bxd6 13.Nc3 g6 14.Bh6 Re8 15.Ne4 Be7
16.b4 b6 17.b5 Na5 18.Ne5 f5 19.Qf3 Nb3 20.Rad1 Nxd4 21.Qg3 Bh4 22.Qh3 Bxb5
23.Bxb5 Nxb5 24.Nf3 fxe4 25.Nxh4 Qf6 26.Qg4 Rc2 27.Qxe4 Qxf2+ 28.Kh1 Nf6
29.Qa4 Qc5 30.Qf4 Nh5 31.Qg4 Rc4 32.Qh3 Qc6 33.Nf3 Re4 34.Rxe4 Qxe4 35.Re1 Qd5
36.Qg4 Nf6 37.Qf4 Qf5 38.Qc4 Ng4 39.Qc6 Nd6 40.Bg5 Qc5 41.Rc1 Nf2+  0-1

[Event "Masters"]
[Site "Hastings ENG"]
[Date "2008.12.29"]
[Round "2"]
[White "O'Toole,G"]
[Black "Kwiatkowski,F"]
[Result "1/2-1/2"]
[WhiteElo "2054"]
[BlackElo "2219"]

1.e4 c5 2.c3 Nf6 3.e5 Nd5 4.d4 cxd4 5.cxd4 d6 6.Nf3 Nc6 7.Bc4 Nb6 8.Bb5 dxe5
9.Nxe5 Bd7 10.Nxd7 Qxd7 11.Nc3 Rd8 12.O-O e6 13.Be3 Be7 14.Qg4 O-O 15.Rfd1 f5
16.Qf3 f4 17.d5 fxe3 18.dxc6 exf2+ 19.Kf1 Qc7 20.Qh3 bxc6 21.Bd3 g6 22.Qxe6+ Kh8
23.Qh3 Kg7 24.Rac1 Bg5 25.Rc2 Qf4 26.Re2 Nc4 27.Bxc4 Rxd1+ 28.Nxd1 Qxc4 29.Qc3+ Qxc3
30.Nxc3 Bf6 31.Rxf2 Rb8 32.Rd2 Rb7 33.Ke2 Kf7 34.Kf3 Ke6 35.Ne4 Be7 36.b3 Rb5
37.Rc2 Rf5+ 38.Ke3 Kd7 39.Rc4 Ra5 40.Rc2 Rd5  1/2-1/2

[Event "Masters"]
[Site "Hastings ENG"]
[Date "2008.12.29"]
[Round "2"]
[White "Poobalasingam,P"]
[Black "Flear,C"]
[Result "1-0"]
[WhiteElo "2235"]
[BlackElo "2092"]

1.e4 c5 2.c3 Nf6 3.e5 Nd5 4.g3 d6 5.exd6 e6 6.Bg2 Bxd6 7.Nf3 Nc6 8.d4 O-O
9.O-O cxd4 10.Nxd4 Bd7 11.c4 Nde7 12.Nb5 Be5 13.N1c3 a6 14.Nd6 Qc7 15.Nde4 Na5
16.c5 f5 17.Nd6 Rad8 18.Bg5 Bc8 19.Qa4 Rd7 20.Rfe1 Bxc3 21.bxc3 Qxc5 22.Nxc8 Qxc8
23.Bxe7 Rxe7 24.Qxa5 Rc7 25.Qe5  1-0

[Event "Czech Christmas"]
[Site "Litomysl CZE"]
[Date "2008.12.29"]
[Round "5"]
[White "Kulhanek,T"]
[Black "Manik,M"]
[Result "0-1"]
[WhiteElo "2409"]
[BlackElo "2448"]

1.e4 c5 2.c3 Nf6 3.e5 Nd5 4.Nf3 e6 5.d4 cxd4 6.cxd4 b6 7.Nc3 Nxc3 8.bxc3 Qc7
9.Bd2 Bb7 10.Bd3 d6 11.O-O Nd7 12.Ng5 dxe5 13.Qh5 g6 14.Qh3 Be7 15.Rfe1 Bd5
16.Rac1 Qd8 17.c4 Bb7 18.Nxe6 fxe6 19.Bxg6+ hxg6 20.Qxh8+ Bf8 21.c5 bxc5
22.dxc5 Bc6 23.Qh3 Qf6 24.Qg3 Qf5 25.Bc3 Bh6 26.Rcd1 Bf4 27.Qh4 g5 28.Qh8+ Nf8
29.h3 e4 30.Bd2 Bd5 31.Be3 Kf7 32.Qh5+ Ng6 33.Qh7+ Kf8 34.c6 Bxc6 35.Rc1 Ne7
36.Qh6+ Kf7 37.Qh5+ Kg7 38.Rc5 Bd5 39.Bd4+ e5 40.Bb2 Rb8 41.Qd1 e3 42.fxe3 Bh2+
43.Kh1 Qxh3  0-1

[Event "Masters"]
[Site "Hastings ENG"]
[Date "2008.12.30"]
[Round "3"]
[White "Goodger,M"]
[Black "Bergez,L"]
[Result "0-1"]
[WhiteElo "2164"]
[BlackElo "2356"]

1.e4 c5 2.c3 Nf6 3.e5 Nd5 4.Nf3 d6 5.d4 cxd4 6.Qxd4 e6 7.exd6 Qxd6 8.Bc4 Nb6
9.Bb3 Qxd4 10.Nxd4 a6 11.Be3 N8d7 12.Nd2 Nc5 13.O-O Be7 14.Bc2 Nd5 15.Rfe1 O-O
16.N4f3 Nxe3 17.Rxe3 Bd7 18.Nc4 Bb5 19.Nb6 Rad8 20.b4 Bd3 21.Bxd3 Nxd3 22.Rd1 Nb2
23.Rb1 Nd1 24.Re1 Nxc3 25.Rb2 g6 26.a3 Bf6 27.Rd2 Nb5 28.Rd7 Nxa3 29.Rxb7 Bc3
30.Rc1 Bb2 31.Rf1 Rb8 32.Rxb8 Rxb8 33.Na4 Rxb4 34.Nxb2 Rxb2 35.h4 h5 36.Ra1 Rb1+  0-1

[Event "Masters"]
[Site "Hastings ENG"]
[Date "2008.12.30"]
[Round "3"]
[White "Pickersgill,A"]
[Black "O'Neill,T"]
[Result "1-0"]
[WhiteElo "2043"]
[BlackElo "1518"]

1.e4 c5 2.c3 Nf6 3.e5 Nd5 4.d4 e6 5.Nf3 cxd4 6.Qxd4 Nc6 7.Qe4 h6 8.Bb5 a6
9.Ba4 b5 10.Bb3 Nb6 11.O-O Bb7 12.Qg4 Qc7 13.Bf4 Nc4 14.Bxc4 bxc4 15.Nbd2 g5
16.Bg3 Na5 17.Ne4 Bxe4 18.Qxe4 Rc8 19.Rad1 Qc6 20.Qc2 Nb7 21.Rd2 Nc5 22.Rfd1 Rc7
23.Rd4 Nb7 24.h4 Bc5 25.Rg4 Be7 26.hxg5 hxg5 27.Nxg5 Bxg5 28.Rxg5 Rc8 29.Rg4 Kd8
30.Rgd4 Kc7 31.Rxd7+ Qxd7 32.Rxd7+ Kxd7 33.Qa4+ Rc6 34.Qd1+ Kc8 35.Qf3 Rc7
36.Bf4 Rc5 37.g3 Rd5 38.Be3 Rf8 39.Qe4 Na5 40.Bb6 Nc6 41.Qxc4 Kb7 42.Bc5 Rxc5
43.Qxc5 Rd8 44.Qe3 Rd5 45.f4 Ne7 46.g4 Rd1+ 47.Kf2 Nd5 48.Qf3 Rd2+ 49.Ke1 Rxb2
50.c4 Rb1+ 51.Kd2 Rb2+ 52.Kc1  1-0

[Event "Masters"]
[Site "Hastings ENG"]
[Date "2008.12.30"]
[Round "3"]
[White "Salem,I"]
[Black "Kurnosov,I"]
[Result "0-1"]
[WhiteElo "2171"]
[BlackElo "2606"]

1.e4 c5 2.c3 Nf6 3.e5 Nd5 4.d4 cxd4 5.Nf3 e6 6.cxd4 d6 7.Bc4 Nb6 8.Bd3 Bd7
9.O-O Bc6 10.Nc3 N8d7 11.Re1 dxe5 12.dxe5 Bb4 13.Bg5 Bxf3 14.Bxd8 Bxd1 15.Bxb6 axb6
16.Raxd1 Ke7 17.Bb5 Nb8 18.Re4 Bxc3 19.bxc3 Rc8 20.Rd6 Nc6 21.f4 Rxa2 22.Rc4 Rb2
23.Bxc6 bxc6 24.Rcxc6 Rxc6 25.Rxc6 Kd7 26.Rd6+ Kc7 27.Rd4 b5 28.Rd3 h5 29.Rf3 g6
30.Rf2 Rb1+ 31.Rf1 Rb3 32.Rc1 Kc6 33.Kf2 Kd5 34.Rd1+ Ke4 35.Rd4+ Kf5 36.Rd7 Kxf4
37.Rxf7+ Kxe5 38.Rf3 Rb2+ 39.Kg3 g5 40.Re3+ Kf5 41.h3 e5 42.Kf3 g4+ 43.hxg4+ hxg4+
44.Kg3 e4 45.Re1 Rb3 46.Kh4 Rxc3 47.Rf1+ Ke5 48.Kxg4 b4 49.Rf5+ Kd4 50.Rb5 b3
51.Kf4 e3 52.Kf3 Kd3 53.g4 Kd2 54.Rd5+ Rd3  0-1

[Event "5th Open"]
[Site "Vandoeuvre les Nancy FRA"]
[Date "2008.12.30"]
[Round "9"]
[White "Congiu,M"]
[Black "Jardine,L"]
[Result "1/2-1/2"]
[WhiteElo "2230"]
[BlackElo "1931"]

1.e4 c5 2.c3 Nf6 3.e5 Nd5 4.Nf3 e6 5.Bc4 Nc7 6.O-O b6 7.Re1 Ba6 8.Na3 Be7
9.d4 cxd4 10.Bxa6 Nbxa6 11.Qxd4 O-O 12.Nc4 f6 13.exf6 Bxf6 14.Qg4 Nd5 15.Nd6 Nc5
16.Ne4 Nxe4 17.Qxe4 b5 18.a4 a6 19.Be3 Rc8 20.axb5 axb5 21.Ne5 b4 22.cxb4 Bxe5
23.Qxe5 Nxb4 24.Bd4 Rf7 25.Rad1 Nc6 26.Qd6 Nxd4 27.Qxd4 Rc2 28.Rd2 Rxd2 29.Qxd2 Qb6
30.Rc1 Rf5 31.Rc8+ Rf8 32.Qc2 Qd6 33.Rc3 Ra8 34.Rc8+ Rxc8 35.Qxc8+ Kf7 36.Qc2 Qb4  1/2-1/2

[Event "Masters"]
[Site "Hastings ENG"]
[Date "2008.12.31"]
[Round "4"]
[White "Dickson,G"]
[Black "Zhou,Y"]
[Result "0-1"]
[WhiteElo "2135"]
[BlackElo "2276"]

1.e4 c5 2.c3 Nf6 3.e5 Nd5 4.d4 cxd4 5.Nf3 e6 6.cxd4 d6 7.Bb5+ Bd7 8.Bxd7+ Nxd7
9.O-O dxe5 10.dxe5 Be7 11.Nc3 Nxc3 12.bxc3 O-O 13.Be3 Qc7 14.Bd4 Rfd8 15.Qb3 Nc5
16.Bxc5 Bxc5 17.Rfd1 Bb6 18.h3 h6 19.Qb2 Rac8 20.Rxd8+ Rxd8 21.Rc1 Qc4 22.Qb3 Qe2
23.Nd4 Qxe5 24.Rd1 Qd5 25.Rb1 Qe4 26.Rb2 Qe1+ 27.Kh2 Qe5+ 28.g3 h5 29.h4 Qf6
30.Kg2 e5 31.Nf3 Qc6 32.Qb5 Qxb5 33.Rxb5 f6 34.a4 Rd7 35.a5 Bd8 36.Kf1 a6
37.Rc5 Kf7 38.Ke2 Ke6 39.Nd2 Rd5 40.Rc8 Kd7 41.Rc4 Bxa5 42.g4 b5  0-1